00359nam a2200109Ia 4500008004000000082001500040100002300055245006500078260005500143300001600198650003500214210210b1990 xxu||||| |||| 00| 0 eng d a225.7 BARD aBARCLAY (William). aDaily study bible:the letters to Timothy Titus and Philemon. aBangalorebTheological Publications in Indiac1990 axvii,283,ii aLetters Timothy Titus Philemon